Činnost Eustachovy trubice /

Hlavní autor: Kiml, Josef, 1910-2005
Jazyk: Čeština
Vydáno: Praha : Naše vojsko, 1951
Vydání: 1. vyd.
Edice: Vojenskozdravotnická knihovna (Naše vojsko)
Témata:
Fyzický popis: 149 s. : il.
Knihy
Uloženo v:
LEADER 01408nam a22003612a 4500
001 001751803
003 CZ BrMZK
005 20210303175548.0
007 ta
008 200601s1951 xr er|||||||||||cze d
015 |a cnb000402394 
035 |a (OCoLC)14669026 
040 |a BOD002  |b cze  |d BOA001 
072 7 |a 612  |x Fyziologie člověka a srovnávací fyziologie  |2 Konspekt  |9 14 
080 |a 612.85  |2 MRF 
080 |a 611.85  |2 MRF 
080 |a 612  |2 MRF 
100 1 |a Kiml, Josef,  |d 1910-2005  |7 jk01060167  |4 aut 
245 1 0 |a Činnost Eustachovy trubice /  |c Josef Kiml 
250 |a 1. vyd. 
260 |a Praha :  |b Naše vojsko,  |c 1951 
300 |a 149 s. :  |b il. 
490 1 |a Vojenskozdravotnická knihovna ;  |v sv. 9. 
500 |a Nad názvem: Physiologia et pathophysiologia tubae pharyngotympanicae 
650 0 7 |a sluchové ústrojí  |7 ph125699  |2 czenas 
830 0 |a Vojenskozdravotnická knihovna (Naše vojsko) 
910 |a BOA001  |b 3-0275.707 
990 |a BK 
991 |b 202005 
996 7 |b 2618875925  |c 3-0275.707  |l MZK  |r Sklad / do 1 hodiny  |n 0  |w 001804232  |u 000020  |a 1  |e BOA001  |j MZK50  |s A 
996 6 |b 2618875926  |c 3-0275.707  |l MZK  |r Sklad / do 1 hodiny  |n 0  |w 001804232  |u 000030  |a 1  |e BOA001  |j MZK50  |s P 
996 7 |b 2618875927  |c 3-0275.707  |l MZK  |r Sklad / do 1 hodiny  |n 0  |w 001804232  |u 000040  |a 1  |e BOA001  |j MZK50  |s A 
996 7 |b 2618875928  |c 3-0275.707  |l MZK  |r Sklad / do 1 hodiny  |n 0  |w 001804232  |u 000050  |a 1  |e BOA001  |j MZK50  |s A